Detalles MARC
| 000 -LIDER |
| fixed length control field |
00948cam a2200337 4500 |
| 001 - NÚMERO DE CONTROL |
| Identificador de número de control |
4329305 |
| 003 - IDENTIFICACDOR DE NÚMERO DE CONTROL |
| control field |
DO-SdBNP |
| 005 - DATE AND TIME OF LATEST TRANSACTION |
| control field |
20240904113247.0 |
| 007 - CAMPOS FIJOS DE DESCRIPCIÓN FÍSICA |
| fixed length control field |
4329305 |
| 008 - ELEMENTOS DE LONGITUD FIJA |
| fixed length control field |
080902s2009 sp 000 p spa |
| 015 ## - NÚMERO DENTRO DE LA BIBLIOGRAFÍA NACIONAL |
| National bibliography number |
|
| 017 ## - NÚMERO DE REGISTRO DE DERECHOS DE AUTOR |
| Copyright or legal deposit number |
|
| Assigning agency |
|
| 020 ## - ISBN |
| International Standard Book Number |
9788497643689 |
| 035 ## - NÚMERO LOCAL |
| System control number |
|
| 040 ## - FUENTE DE CATALOGACIÓN |
| Agencia que crea de manera original el registro |
BPMSU |
| Idioma de catalogación |
spa |
| Agencia que realiza la transcripción |
BPMSU |
| Convenciones de la despripción |
|
| 080 ## - NÚMERO DE CLASIFICACIÓN DECIMAL UNIVERSAL |
| Universal Decimal Classification number |
|
| 082 #4 - NÚMERO DE CLASIFICACIÓN DECIMAL DE DEWEY |
| Classification number |
883.2 |
| Item number |
H766o 2009 |
| Edition number |
22 |
| 100 0# - ASIENTO PRINCIPAL -- NOMBRE PERSONAL |
| Nombre personal |
Homero |
| 245 10 - MENCIÓN DE TITULO |
| Título |
Odisea / |
| Mención de responsabilidad |
Homero ; introducción, Juan Alarcón Benito |
| Medio (Designación general de material) |
|
| 260 ## - PUBLICACIÓN, DISTRIBUCIÓN, ETC. (PIE DE IMPRENTA) |
| Lugar de publicación, distribución, etc |
Madrid, España : |
| Nombre del editor, distribuidor, etc. |
Edimat, |
| Fecha de publicación, distribución, etc |
2009. |
| 300 ## - DESCRIPCIÓN FÍSICA |
| Extensión |
327 p. ; |
| Dimensiones |
20 cm |
| 490 0# - MENCIÓN DE SERIES |
| Mención de serie |
Clásicos de la literatura |
| 590 ## - NOTA LOCAL |
| Texto de la nota local |
Inventariado, 2024/VM |
| 600 ## - ENCABEZAMIENTO DE MATERIA--NOMBRE PERSONAL |
| Nombre personal |
Homero, Siglo IX? a.C. |
| Fechas asociadas con el nombre |
Siglo IX? a.c |
| Títulos u otras palabras asociadas con el nombre |
Odisea |
| 650 #4 - ENCABEZAMIENTO DE MATERIA--TEMÁTICO |
| Término temático o nombre geográfico como elemento de entrada |
Poesía épica griega |
| 650 #4 - ENCABEZAMIENTO DE MATERIA--TEMÁTICO |
| Término temático o nombre geográfico como elemento de entrada |
Odisea (Mitología griega) |
| Subdivisión de forma |
Poesía |
| Subdivisión temática general |
|
| 700 1# - ASIENTO SECUNDARIO -- NOMBRE PERSONAL |
| Nombre personal |
Alarcón Benito, Juan |
| 830 #0 - ASIENTO SECUNDARIO DE SERIE--TÍTULO UNIFORME |
| Nombre de la parte o sección de una obra |
Clásicos de la literatura |
| 910 ## - VALIDACIÓN |
| Validación |
VMateo V. Control de calidad. BPMSU |
| 942 ## - ADDED ENTRY ELEMENTS (KOHA) |
| Source of classification or shelving scheme |
Dewey Decimal Classification |
| Koha item type |
Libros |